000 00733nam a22002057a 4500
003 OSt
005 20221102190149.0
008 150522b xxu||||| |||| 00| 0 eng d
020 _a3-909622-06-2
040 _cBiblioteca Lado V
082 _a702.81
_bP438p
130 _aPerformative! Performance Arts in Switzerland
_leng
245 _aPerformative! Performance Arts in Switzerland/
260 _aAleman
_bPro-Helvetia, the Arts Council of Switzerland
_c2005
300 _a107p.
_c12x21cm
650 _xARTE PERFORMATIVO
_xARTE
_xARTE CORPORAL
_92734
_2Tesauro de Arte & Arquitectura
651 _2Tesauro de Arte & Arquitectura
_aALEMANIA
710 _aJoan Duran
_92735
942 _2ddc
_c1
_h702.81
_iP438p
_n0
999 _c2474
_d2474